000 01187cam a2200301 a 4500
001 32774
005 20230404130051.0
008 810814s1978 cu a c 000 0 spa
035 _9(DLC) 81108926
035 _a3263806
010 _a81108926
040 _aDLC
_cDLC
_dDLC
041 0 _aspaengfrerus
043 _anwcu---
050 1 4 _a107 N 910
_bM986m 1978
082 0 0 _a750/.74/09729123
_219
110 2 _aMuseo Nacional de Cuba.
245 1 0 _aMuseo Nacional de Cuba, pintura :
_bretratos de Fayum, pintura europea, pintura cubana /
_c[edición, Ricardo González Jane, Liudmila Vedénskaia, Svetlana Khval ; redactor artístico, Serguey Diachenko, en colaboración con el Museo Nacional de Cuba].
260 _aLa Habana :
_bEditorial Letras Cubanas ;
_aLeningrado :
_bEditorial de Artes Aurora,
_cc1978.
300 _a21, [248] p. :
_bchiefly ill. (some col.) ;
_c30 cm.
500 _aCaption titles in English, French, Russian, and Spanish.
650 0 _aPainting
_zCuba
_zHavana
_xCatalogs.
610 2 0 _aMuseo Nacional de Cuba
_xCatalogs.
700 2 _aGonzález Jane, Ricardo.
700 1 _aVedénskaia, Liudmila.
700 1 _aKhval, Svetlana.
942 _2lcc
_cbk
999 _c10309
_d10309